Coach en ligue 1 des 5 dernières années - Statistiques

Statistiques générales
  • Ce quiz a été pris 53 fois
  • Le résultat moyen est 22 sur 61
Statistiques - réponses
Nombre de saison(s) Club Coach % Correct
3 PSG Luis Enrique
98%
5 Rennes, Lille Bruno Genésio
90%
3 Lille, OL Paulo Fonseca
88%
4 Nantes Antoine Kombouaré
81%
2 OM Roberto De Zerbi
81%
2 Nice, PSG Christophe Galtier
79%
4 Lens, Nice Franck Haise
76%
3 Monaco Adi Hütter
71%
4 Brest Éric Roy
71%
3 Reims, Lens Will Still
71%
2 Rennes Habib Beye
67%
2 OM, Montpellier Jean‑Louis Gasset
62%
3 Nice, Le Havre Didier Digard
60%
3 Brest, Montpellier Michel Der Zakarian
60%
2 RC Lens Pierre Sage
60%
3 Strasbourg, Rennes Julien Stéphan
55%
1 Strasbourg Julien Stéphan
55%
1 PSG Mauricio Pochettino
55%
1 Reims Oscar Garcia
55%
2 OL Laurent Blanc
52%
2 Strasbourg Liam Rosenior
45%
3 Auxerre Christophe Pélissier
40%
1 Lorient Christophe Pélissier
40%
1 OM Igor Tudor
38%
1 Saint-Etienne Claude Puel
33%
1 OM Jorge Sampaoli
33%
2 Clermont Pascal Gastien
33%
3 Toulouse Carles Martínez Novell
31%
1 Monaco Niko Kovač
31%
2 OL Peter Bosz
31%
3 Angers Alexandre Dujeux
29%
2 Metz, Strasbourg Frédéric Antonetti
29%
2 Lorient Olivier Pantaloni
26%
1 AC Ajaccio Olivier Pantaloni
26%
1 Saint-Etienne Pascal Dupraz
26%
1 OL Fabio Grosso
24%
1 OM Marcelino
24%
1 Strasbourg Patrick Vieira
24%
1 Lille Jocelyn Gourvennec
21%
1 Monaco Philippe Clement
21%
1 Monaco Philippe Clément
21%
2 Lorient Régis Le Bris
21%
1 Monaco Sébastien Pocognoli
21%
1 Saint-Etienne Eirik Horneland
19%
1 Saint-Etienne Eirik Horneland
19%
1 Toulouse Philippe Montanier
19%
2 Angers Gérald Baticle
17%
1 Troyes Laurent Batlles
17%
1 Montpellier Olivier Dall’Oglio
17%
1 Auxerre Jean‑Marc Furlan
14%
1 Nantes Luis Castro
14%
1 Troyes Bruno Irles
10%
1 Troyes Bruno Irles
10%
1 Nice Francesco Farioli
10%
1 Le Havre Luka Elsner
10%
1 Nice Lucien Favre
5%
1 Troyes Patrick Kisnorbo
5%
1 Strasbourg Mathieu Le Scornet
2%
1 Angers Abdel Bouhazama
0%
1 Auxerre Michel Padovani
0%
1 Reims Oscar García Junyent
0%
Aucun quiz correspondant
Distribution des résultats
% des personnes avec chaque résultat
Percentile par nombre de réponses
Votre historique - résultats
Vous n’avez pas pris ce quiz